000 01695nam0a2200313 4500
001 RU\NLR\BIBL_A\011782629
005 20180924161907.0
010 _a978-5-222-30545-4
_91000
021 _aRU
_bКН-П-18-057720
_9КН-П-18-4170
035 _a(NLR Aleph) 011782629
035 _a(RuMoRGB)009709105
090 _a11784741
_c11784741
100 _a20180905d2018 b y0rusy50 ca
101 0 _arus
102 _aRU
105 _ay|||j|||000zy
200 1 _aЭкономическая социология
_eучебное пособие
_eдля студентов высших учебных заведений по направлениям подготовки 39.03.01 "Социология", 38.03.01 "Экономика", 38.03.03 "Управление персоналом"
_f[Воденко Константин Викторович и др.
_gответственный редактор - доктор философских наук, профессор К. В. Воденко]
210 _aРостов-на-Дону
_cФеникс
_d2018
215 _a157 с.
_d20
225 1 _aСерия "Зачет и экзамен"
320 _aБиблиогр.: с. 152-157 (48 назв.) и в подстроч. примеч.
606 1 _aЭкономическая социология
_jУчебные издания для высших учебных заведений
_2nlr_sh1
_2nlr_sh2
_3RU\NLR\AUTH\661167610
686 1 _aС550.42я73
702 1 _aВоденко
_bК. В.
_f1982-
_gКонстантин Викторович
_3RU\NLR\AUTH\770142823
_4220
942 _cBOOK
980 _aNBR
980 _aNB